000 00668nam a2200265Ia 4500
005 20260121165600.0
008 008 260114s9999 xx 000 0 eng d
020 _a9784431552031
037 _aEBOOK
040 _aCRL
040 _beng
040 _cCRL
041 _2eng
041 _aeng
084 _qCRL
100 _aJapan The Society of Fiber Science and Techno
_91053508
245 0 _aHigh-Performance and Specialty Fibers
260 _bSpringer
260 _bSpringer
260 _c2016
856 _uhttps://link.springer.com/openurl?genre=book&isbn=978-4-431-55203-1
942 _cEBOOK
999 _c1619234
_d1619234